• 首页
  • 本馆介绍
  • 公告通知
  • 最新文献
  • 馆藏检索
  • 电子资源
  • 读者导购
  • 参考咨询
  • 我的图书馆
  • 登录
  • 详细信息显示
  • 放入我的书架
  • 预约/预借图书
  • 作者相关作品
  • 分类相关作品
  • 丛书相关作品
  • 出版社相关作品

书目信息

  • 表格格式
  • 工作单格式
  • 卡片格式
题名:
中外舞蹈作品赏析
    
 
作者: 刘青弋 著
分册: 第三卷   中西现代舞作品赏析
出版信息: 上海   上海音乐出版社  2004
页数: 332页
开本: 23cm
丛书名:
单 册:
中图分类: J705 , J732.6
科图分类:
主题词: 舞蹈艺术--鉴赏--世界--高等学校--教材 , 现代舞蹈--鉴赏--世界--高等学校--教材 , 舞蹈艺术 , 现代舞蹈
电子资源:
ISBN: 7-80667-599-X
000 01067nam0 2200289 450
001 1235555124
005 20121019095301.58
010    @a7-80667-599-X@dCNY40.00
100    @a20050104d2004 em y0chiy50 ea
101 0  @achi@eeng
102    @aCN@b310000
105    @aa z 000yy
200 1  @a中外舞蹈作品赏析@Azhong wai wu dao zuo pin shang xi@h第三卷@i中西现代舞作品赏析@f刘青弋主编
210    @a上海@c上海音乐出版社@d2004
215    @a332页@c图@d23cm
300    @a北京舞蹈学院“十五”规划教材 舞蹈学科应用与基础理论教材系列 中外舞蹈作品赏析系列
330    @a本书系统地评介了20世纪以来中国与西方不同历史时期的现代舞作品。
510 1  @aAppreciation of International Dance Works@hVolumn Ⅲ@iAppreciation of International Modern Dance Works@zeng
606 0  @a舞蹈艺术@x鉴赏@y世界@x高等学校@j教材
606 0  @a现代舞蹈@x鉴赏@y世界@x高等学校@j教材
606 0  @a舞蹈艺术
606 0  @a现代舞蹈
690    @aJ705@v4
690    @aJ732.6@v4
701  0 @a刘青弋@Aliu qing yi@c(女,@f1954~)@4著
801  0 @aCN@bNLC@c20101222
905    @a10447@dJ705@eJY30:3
    
    中外舞蹈作品赏析.第三卷.中西现代舞作品赏析/刘青弋主编.-上海:上海音乐出版社,2004
    332页:图;23cm
    北京舞蹈学院“十五”规划教材 舞蹈学科应用与基础理论教材系列 中外舞蹈作品赏析系列
    
    ISBN 7-80667-599-X:CNY40.00
    本书系统地评介了20世纪以来中国与西方不同历史时期的现代舞作品。
●
相关链接 在E读中查询图书 在五车中查询图书 在当当中查询图书 在豆瓣中查询图书


正题名:中外舞蹈作品赏析     索取号:J705/JY30:3         预约/预借

序号 登录号 条形码 馆藏地/架位号 状态 备注
1 7833914   278339148   学院路分馆/ [索取号:J705/JY30:3] 在馆    
2 7833915   278339157   学院路分馆/ [索取号:J705/JY30:3] 在馆    
3 7833916   278339166   学院路分馆/ [索取号:J705/JY30:3] 在馆    
唐山师范学院图书馆 欢迎您!
大连网信软件有限公司© 版权所有